Geografía de bahía blanca /
Guardado en:
| Autor Principal: | |
|---|---|
| Otros Autores: | , , , |
| Formato: | Libro |
| Publicado: |
Bahía Blanca :
Encestando,
1994
|
| Materias: | |
| Etiquetas: |
Agregar Etiqueta
Sin Etiquetas, Sea el primero en etiquetar este registro!
|
| LEADER | 01693nam a22003375a 4500 | ||
|---|---|---|---|
| 001 | CEM.cems007519 | ||
| 008 | 130507s1994##################000#0#####d | ||
| 005 | 20241220103732.0 | ||
| 245 | 1 | 0 | |a Geografía de bahía blanca / |c Margarita Brondolo ... [et Al.] |
| 260 | |a Bahía Blanca : |b Encestando, |c 1994 | ||
| 300 | |a 197 p. | ||
| 505 | 0 | |a El espacio geográfico -- Elementos nucleadores y barreras de organización del espacio geográfico -- La ciudad y el medio natural -- Forma y dimensiones de la ciudad -- La población y las actividades -- Los barrios de la ciudad | |
| 100 | 1 | |a Brondolo, Margarita | |
| 700 | 1 | |a Lorda, María Amalia | |
| 700 | 1 | |a Campos, Marta | |
| 700 | 1 | |a Zinger, Susana | |
| 700 | 1 | |a Del Pozo, Olga | |
| 082 | 0 | 4 | |a Z918.21 |
| 653 | |a Bahía blanca-geografía | ||
| 859 | |a CEMS |b BIB. CEMS - 11 de abril |h Z918.21 |i B788 |p 17556.94 |t Ej.1 | ||
| 859 | |a CEMS |b BIB. CEMS - 11 de abril |h Z918.21 |i B788 |p 17557.94 |t Ej.2 | ||
| 859 | |a CEMS |b BIB. CEMS - 11 de abril |h Z918.21 |i B788 |p 17654.94 |t Ej.3 | ||
| 859 | |a CEMS |b BIB. CEMS - 11 de abril |h Z918.21 |i B788 |p 17655.94 |t Ej.4 | ||
| 859 | |a CEMS |b BIB. CEMS - 11 de abril |h Z918.21 |i B788 |p 17656.94 |t Ej.5 | ||
| 859 | |a CEMS |b BIB. CEMS - 11 de abril |h Z918.21 |i B788 |p 18039.94 |t Ej.7 | ||
| 859 | |a CEMS |b BIB. CEMS - 11 de abril |h Z918.21 |i B788 |p 17739.94 |t Ej.8 | ||
| 859 | |a CEMS |b BIB. CEMS - 11 de abril |h Z918.21 |i B788 |p 18040.94 |t Ej.9 | ||
| 859 | |a CEMS |b BIB. CEMS - 11 de abril |h Z918.21 |i B788 |p 18041.94 |t Ej.10 | ||
| 859 | |a CEMS |b BIB. CEMS - 11 de abril |h Z918.21 |i B788 |p 18042.94 |t Ej.11 | ||
| 859 | |a CEMS |b BIB. CEMS - 11 de abril |h Z918.21 |i B788 |p 20098.98 |t Ej.12 | ||
| 859 | |a CEMS |b BIB. CEMS - 11 de abril |h Z918.21 |i B788 |p 20100.98 |t Ej.14 | ||
